Entry Nombre personal
001 - NÚMERO DE CONTROL
- campo de control: 34000
003 - IDENTIFICADOR DE NÚMERO DE CONTROL
- campo de control: SpMaBN
005 - FECHA Y HORA DE LA ÚLTIMA TRANSACCIÓN
- campo de control: 20230703164326.0
008 - ELEMENTOS DE DATO DE LONGITUD-FIJA
- campo de control de longitud fija: 900725nn ainnnaabn n aac
016 ## - NÚMERO DE CONTROL DE UNA AGENCIA BIBLIOGRÁFICA NACIONAL
- Número de control del registro: BNE19973229983
040 ## - FUENTE DE CATALOGACIÓN
- Centro catalogador/agencia de origen: SpMaBN
- Lengua de catalogación: spa
- Centro/agencia transcriptor: SpMaBN
- Normas de descripción: rdc
- Convención/Normas de encabezamiento de materia/tesauro: embne
046 ## - FECHAS CON CODIFICACIÓN ESPECIAL
- Fecha de nacimiento: 1893
- Fecha de la muerte: 1957
100 1# - ENCABEZAMIENTO-NOMBRE DE PERSONA
- Nombre de persona: Camarasa, Santiago,
- Fechas asociadas al nombre: 1893-1957
373 ## - GRUPO ASOCIADO
- Grupo asociado: Ateneo de Madrid
- Fuente de información: Listado de socios anteriores a 1 de abril de 1939 (Archivo del Ateneo); Ateneo de Madrid: memoria 1962-1967
375 ## - GÉNERO/SEXO
- Género: Masculino
400 1# - TRAZADO DE VÉASE--NOMBRE DE PERSONA
- Nombre de persona: Camarasa Martín, Santiago,
- Fechas asociadas al nombre: 1893-1957
670 ## - FUENTE DE DATOS ENCONTRADOS
- Cita de la fuente: Santiago Camarasa, pasión por el periodismo y por Toledo, D.L. 2016
- Información encontrada: port. (Santiago Camarasa), presentación (Santiago Camarasa Martín, hombre polifacético: industrial, periodista, corresponsal de varios periódicos, impresor, restaurador, editor de libros y de revistas...), p. 18 (n. 15 de mayo de 1893 en Toledo), p. 68 (m. en 1957 en Benidorm)
670 ## - FUENTE DE DATOS ENCONTRADOS
- Cita de la fuente: WWW BN España aut., 03/07/2023
- Información encontrada: (Camarasa, Santiago, 1893-1957)
678 ## - DATOS BIOGRÁFICOS O HISTÓRICOS
- Datos biográficos o históricos: Socio del Ateneo de Madrid n. 14901
- Ampliación de la nota: Fuentes: Listado de socios anteriores a 1 de abril de 1939 (Archivo del Ateneo); Ateneo de Madrid: memoria 1962-1967
